| 000 | 00000nam##2200000za#4500 |
| 001 | 9.636029 |
| 003 | CaOODSP |
| 005 | 20210624220537 |
| 007 | cr ||||||||||| |
| 008 | 150407|2006||||xxc|||||o f|0| 0 fre|d |
| 040 | |aCaOODSP|bfre |
| 043 | |an-cn--- |
| 086 | 1 |aBT22-108/2006F-PDF |
| 110 | 1 |aCanada. |bConseil du trésor. |
| 245 | 10|aRôle du gouvernement dans l'assurance de la qualité de l'évaluation : document de travail / |h[ressource électronique]|cPréparé par : J. Bradley Cousins, et Tim Aubry |
| 260 | |aOttawa - Ontario : |bSecrétariat du Conseil du Trésor du Canada |cAvril 2006. |
| 300 | |a77p.|bréférences, tableaux |
| 590 | |a09-02|b2009-01-09 |
| 691 | 07|aNorme de qualité|2gcpds |
| 720 | 1 |aCousins, J. Bradley |
| 720 | 1 |aAubry, Tim |
| 775 | 08|tRoles for government in evaluation quality assurance : discussion paper / |w(CaOODSP)9.691717 |
| 856 | 40|ahttp://publications.gc.ca|qPDF|s331 Ko|uhttps://publications.gc.ca/collections/collection_2009/ct-tb/BT22-108-2006F.pdf |